[Event "XXI Festival A"]
[Site "Porto San Giorgio ITA"]
[Date "2009.08.26"]
[Round "6"]
[White "Naumkin, Igor"]
[Black "Castaldo, Folco"]
[Result "1-0"]
[WhiteElo "2481"]
[BlackElo "2401"]
[PlyCount "79"]
[EventDate "2009.08.21"]

1. d4 e6 2. c4 f5 3. g3 Nf6 4. Bg2 d5 5. Nf3 c6 6. O-O Bd6 7. b3 Qe7 8. Bb2 O-O
9. Nbd2 b6 10. Ne5 Bb7 11. Ndf3 Nbd7 12. Rc1 Rac8 13. e3 Ne4 14. Nd3 Rfd8 15.
Qe2 dxc4 16. Rxc4 Ba6 17. Rc2 c5 18. Rfc1 Ndf6 19. Qd1 Nd5 20. dxc5 Nxc5 21.
Nxc5 Bxc5 22. Nd4 Qf7 23. Rd2 Nb4 24. a3 Nd3 25. Rxd3 Bxd3 26. Qxd3 e5 27. b4
Bxd4 28. exd4 Rxc1+ 29. Bxc1 Rxd4 30. Qe2 e4 31. Bf1 h6 32. Bb2 Rd7 33. Qb5 Kh7
34. Bc4 Rd1+ 35. Kg2 Qg6 36. Qe5 e3 37. Be6 Rd2 38. Qxe3 Rxb2 39. Qe5 Kh8 40.
Qb8+ 1-0

[Event "XXI Festival A"]
[Site "Porto San Giorgio ITA"]
[Date "2009.08.26"]
[Round "6"]
[White "Nicolo', Filippo"]
[Black "Cerquitella, Luca"]
[Result "0-1"]
[WhiteElo "2081"]
[BlackElo "2261"]
[PlyCount "86"]
[EventDate "2009.08.21"]

1. e4 Nc6 2. Nc3 e6 3. d4 Bb4 4. a3 Ba5 5. Nf3 d6 6. Bd3 Nge7 7. O-O e5 8. d5
Nb8 9. Ng5 h6 10. Qh5 O-O 11. Nh3 Nd7 12. f4 Bb6+ 13. Kh1 exf4 14. Bxf4 Ng6 15.
Bg5 Qe8 16. Bb5 a6 17. Bxd7 Bxd7 18. Bd2 Qe5 19. Qf3 Rae8 20. Nf4 Bd4 21. Rae1
Qg5 22. Qd3 Be5 23. g3 Qe7 24. b3 Bg4 25. a4 Bf6 26. h3 Bd7 27. Nxg6 fxg6 28.
Kh2 Bc8 29. Bf4 g5 30. Bd2 Be5 31. Ne2 g4 32. h4 Qxh4+ 33. Kg1 Qe7 34. Nf4 Kh7
35. c4 Rf7 36. Bc3 Ref8 37. Bd2 g5 38. Ne6 Bxe6 39. dxe6 Rf3 40. Rxf3 Rxf3 41.
Re3 Rxe3 42. Qxe3 Qxe6 43. Qa7 Qf6 0-1

[Event "XXI Festival A"]
[Site "Porto San Giorgio ITA"]
[Date "2009.08.26"]
[Round "6"]
[White "Ortega, Lexy"]
[Black "Kovchan, Alexander"]
[Result "1/2-1/2"]
[WhiteElo "2437"]
[BlackElo "2554"]
[PlyCount "72"]
[EventDate "2009.08.21"]

1. Nf3 Nf6 2. c4 g6 3. g3 c6 4. d4 d5 5. cxd5 cxd5 6. Nc3 Bg7 7. Bg2 O-O 8. Ne5
e6 9. O-O Nfd7 10. f4 Nc6 11. Be3 f6 12. Nf3 Nb6 13. Bf2 f5 14. Ne5 Bd7 15. a4
a5 16. b3 Nc8 17. Qd2 Nd6 18. Rfc1 Be8 19. Qe3 Kh8 20. Nd1 Ne4 21. Nc3 g5 22.
Nb5 gxf4 23. gxf4 Bh6 24. Kh1 Nxf2+ 25. Qxf2 Rg8 26. Nd3 Bh5 27. Rc3 Qe7 28.
Ne5 Be8 29. Nd3 Rg4 30. Bf3 Rg7 31. e3 Bg6 32. Rg1 Rag8 33. Rcc1 Be8 34. Rxg7
Rxg7 35. Nc3 Rg8 36. Nb5 Bf8 1/2-1/2

[Event "XXI Festival A"]
[Site "Porto San Giorgio ITA"]
[Date "2009.08.26"]
[Round "6"]
[White "Parrini, Daniele"]
[Black "Eperjesi, Laszlo"]
[Result "0-1"]
[WhiteElo "2036"]
[BlackElo "2250"]
[PlyCount "48"]
[EventDate "2009.08.21"]

1. e4 c6 2. d4 d5 3. exd5 cxd5 4. c4 Nf6 5. Nc3 e6 6. Nf3 Bb4 7. cxd5 Nxd5 8.
Qc2 Qc7 9. Bd2 Nd7 10. Bd3 N5f6 11. O-O b6 12. d5 e5 13. Rfe1 O-O 14. Nb5 Qxc2
15. Bxc2 Bxd2 16. Nxd2 Nxd5 17. Bb3 Nf4 18. Rad1 Bb7 19. Ne4 Bxe4 20. Rxe4 Nc5
21. Rxe5 Nfd3 22. Re7 a6 23. Nd6 Nxb2 24. Bxf7+ Rxf7 0-1

[Event "XXI Festival A"]
[Site "Porto San Giorgio ITA"]
[Date "2009.08.26"]
[Round "6"]
[White "Pepe, Mario"]
[Black "Piva, Giorgio"]
[Result "0-1"]
[WhiteElo "2033"]
[BlackElo "2159"]
[PlyCount "82"]
[EventDate "2009.08.21"]

1. e4 c5 2. Nf3 g6 3. c3 Bg7 4. d4 cxd4 5. cxd4 d5 6. e5 Nc6 7. Qb3 Nh6 8. Bd3
O-O 9. Nc3 Bg4 10. Qxb7 Bxf3 11. Qxc6 Bxg2 12. Rg1 Rc8 13. Qa6 Be4 14. Bxe4
dxe4 15. Be3 Nf5 16. Qxa7 Ra8 17. Qc5 Qb8 18. Nd1 Rc8 19. Qd5 Nxe3 20. fxe3 Rc2
21. Rg4 Qb4+ 22. Kf1 Rac8 23. Rf4 e6 24. Qxe4 Rxh2 25. Rf2 Rxf2+ 26. Nxf2 Qxb2
27. Qb1 Qc3 28. Qe1 Qa3 29. Qe2 Bh6 30. e4 Rc3 31. Rb1 Kg7 32. Qb2 Qa6+ 33. Kg2
Ra3 34. Ra1 Bf4 35. d5 Rg3+ 36. Kh1 Qa7 37. Rg1 Qe3 38. Rxg3 Qxg3 39. Nd3 Qxd3
40. Qg2 Qb1+ 41. Qg1 Qxe4+ 0-1

[Event "XXI Festival A"]
[Site "Porto San Giorgio ITA"]
[Date "2009.08.26"]
[Round "6"]
[White "Ranieri, Fabrizio"]
[Black "Bianchi, Alberto"]
[Result "1-0"]
[WhiteElo "2264"]
[BlackElo "2014"]
[PlyCount "81"]
[EventDate "2009.08.21"]

1. e4 e5 2. Nf3 Nc6 3. Bc4 Nf6 4. d3 Be7 5. Nc3 O-O 6. a3 d6 7. h3 Be6 8. Bxe6
fxe6 9. O-O Qe8 10. d4 exd4 11. Nxd4 Nxd4 12. Qxd4 Nd7 13. Qc4 Bd8 14. f4 Nb6
15. Qb3 Qf7 16. Be3 c6 17. a4 d5 18. Bc5 Re8 19. f5 Nc4 20. fxe6 Qxe6 21. exd5
cxd5 22. Rae1 Ne5 23. Qxd5 Qxd5 24. Nxd5 Bh4 25. Re4 Ng6 26. Rb4 b6 27. Bf2 Be7
28. Nxe7+ Rxe7 29. Re1 Rc7 30. c3 Rd7 31. a5 bxa5 32. Rb5 Rd2 33. Rb7 Rf8 34.
Bd4 Nf4 35. Rxg7+ Kh8 36. Rxa7+ Rxd4 37. cxd4 Rg8 38. Kh1 Ng6 39. d5 Rd8 40. d6
Kg8 41. d7 1-0

[Event "XXI Festival A"]
[Site "Porto San Giorgio ITA"]
[Date "2009.08.26"]
[Round "6"]
[White "Roeder, Matthias"]
[Black "Maiorov, Nikita"]
[Result "0-1"]
[WhiteElo "2438"]
[BlackElo "2513"]
[PlyCount "82"]
[EventDate "2009.08.21"]

1. Nf3 Nf6 2. c4 b6 3. g3 Bb7 4. Bg2 e6 5. O-O Be7 6. b3 O-O 7. Bb2 d5 8. e3 c5
9. d3 Nc6 10. Qe2 dxc4 11. bxc4 Qc7 12. Nc3 a6 13. Rab1 Rab8 14. Ba1 Rfd8 15.
Rfd1 Na5 16. Ne1 Bxg2 17. Nxg2 Ne8 18. Ne1 Bf6 19. a4 Nc6 20. f4 g6 21. g4 Bg7
22. Nf3 Nd6 23. Ng5 Qe7 24. Qg2 Nb4 25. Nf3 f6 26. Qe2 Rd7 27. Rd2 Nf7 28. Ne4
f5 29. Nf2 Bxa1 30. Rxa1 Qf6 31. Rc1 Re8 32. d4 cxd4 33. g5 Qd8 34. exd4 Qc7
35. Qe3 Nd5 36. Qa3 Nxf4 37. a5 bxa5 38. c5 Qc6 39. Rb1 Nxg5 40. d5 Nxf3+ 41.
Qxf3 Nxd5 0-1

[Event "XXI Festival A"]
[Site "Porto San Giorgio ITA"]
[Date "2009.08.26"]
[Round "6"]
[White "Sanikidze, Tornike"]
[Black "Jovanic, Ognjen"]
[Result "1/2-1/2"]
[WhiteElo "2559"]
[BlackElo "2541"]
[PlyCount "27"]
[EventDate "2009.08.21"]

1. d4 d5 2. Nf3 Nf6 3. c4 c6 4. Nc3 dxc4 5. e3 b5 6. a4 b4 7. Nb1 e6 8. Bxc4
Nbd7 9. a5 Be7 10. O-O O-O 11. Nbd2 c5 12. Qe2 Bb7 13. Re1 Rc8 14. Bd3 1/2-1/2

[Event "XXI Festival A"]
[Site "Porto San Giorgio ITA"]
[Date "2009.08.26"]
[Round "6"]
[White "Stromboli, Carlo"]
[Black "Faccia, Sergio"]
[Result "1-0"]
[WhiteElo "2289"]
[BlackElo "2023"]
[PlyCount "53"]
[EventDate "2009.08.21"]

1. e4 e5 2. Nf3 f5 3. Nxe5 Qf6 4. Nc4 fxe4 5. Nc3 Qf7 6. Ne3 c6 7. d3 exd3 8.
Bxd3 d5 9. Ne2 Be6 10. Nd4 Nd7 11. Nxe6 Qxe6 12. O-O O-O-O 13. c3 Bd6 14. Nf5
Bc7 15. Bg5 Ngf6 16. Re1 Qf7 17. Re7 Qf8 18. Rxg7 h6 19. Bh4 Re8 20. Qf3 Re5
21. Rg6 Re6 22. Nd4 Ne5 23. Qf5 Nxg6 24. Qxe6+ Nd7 25. Bxg6 Rg8 26. Bf5 Rg7 27.
Re1 1-0

[Event "XXI Festival A"]
[Site "Porto San Giorgio ITA"]
[Date "2009.08.26"]
[Round "6"]
[White "Stromboli, Ettore"]
[Black "Pienabarca, Nicola"]
[Result "1/2-1/2"]
[WhiteElo "2272"]
[BlackElo "2081"]
[PlyCount "88"]
[EventDate "2009.08.21"]

1. e4 e5 2. Nf3 Nc6 3. Bb5 f5 4. Qe2 fxe4 5. Bxc6 bxc6 6. Qxe4 Bd6 7. d4 Nf6 8.
Qe2 e4 9. Nc3 Qe7 10. Ng5 Bb4 11. Bd2 d5 12. h4 O-O 13. O-O-O a5 14. f3 exf3
15. Qxe7 Bxe7 16. Nxf3 Ng4 17. Rde1 Bd6 18. Nd1 Bf5 19. Ne3 Nxe3 20. Rxe3 Be4
21. Rc3 Ra6 22. Rg1 Bg3 23. Be1 Bf4+ 24. Kd1 Rb6 25. Rb3 a4 26. Rb4 Rxb4 27.
Bxb4 Rb8 28. Bc3 Bg3 29. Ng5 Bf5 30. Nf3 Bg4 31. Rh1 Rf8 32. Ke2 Re8+ 33. Kd2
Re4 34. b3 Bf4+ 35. Kd1 axb3 36. cxb3 Re3 37. Kc2 Bf5+ 38. Kb2 Re2+ 39. Ka1
Rxg2 40. Ne1 Rf2 41. a4 Bd2 42. Bxd2 Rxd2 43. Rf1 g6 44. Nf3 Re2 1/2-1/2

[Event "XXI Festival A"]
[Site "Porto San Giorgio ITA"]
[Date "2009.08.26"]
[Round "6"]
[White "Suppa, Ercole"]
[Black "Borgo, Giulio"]
[Result "0-1"]
[WhiteElo "2100"]
[BlackElo "2433"]
[PlyCount "66"]
[EventDate "2009.08.21"]

1. d4 d5 2. Nf3 Nf6 3. e3 c5 4. c3 Nbd7 5. Bd3 g6 6. O-O Bg7 7. Nbd2 O-O 8. Re1
Qc7 9. e4 dxe4 10. Nxe4 cxd4 11. Nxd4 Nxe4 12. Bxe4 Nc5 13. Bf3 e5 14. Nb5 Qb6
15. a4 Rd8 16. Bd5 Be6 17. c4 Bxd5 18. cxd5 a6 19. Nc3 Rac8 20. h4 Qb4 21. h5
f5 22. hxg6 hxg6 23. Bg5 Qxb2 24. Bxd8 Rxd8 25. Qc1 Qxc1 26. Raxc1 Nd3 27. Red1
Nxc1 28. Rxc1 e4 29. Ne2 Rxd5 30. Rc8+ Kh7 31. Rc7 Kh6 32. Rxb7 Rd1+ 33. Kh2
Rd2 0-1

[Event "XXI Festival A"]
[Site "Porto San Giorgio ITA"]
[Date "2009.08.26"]
[Round "6"]
[White "Tomescu, Vlad"]
[Black "Baklan, Vladimir"]
[Result "0-1"]
[WhiteElo "2422"]
[BlackElo "2639"]
[PlyCount "70"]
[EventDate "2009.08.21"]

1. d4 Nf6 2. c4 c5 3. d5 b5 4. cxb5 a6 5. b6 d6 6. Nc3 Nbd7 7. e4 g6 8. Nf3 Bg7
9. Nd2 Nxb6 10. Nc4 O-O 11. Be2 Nxc4 12. Bxc4 Rb8 13. O-O Rb4 14. Qe2 Nd7 15.
a3 Rb8 16. Bg5 Ne5 17. Ba2 Qb6 18. Rab1 a5 19. Rfd1 Ba6 20. Qc2 Rb7 21. h3 Rfb8
22. b3 Qd8 23. f4 Nd7 24. Bh4 Qf8 25. Ne2 a4 26. Nc3 axb3 27. Rxb3 Rxb3 28.
Bxb3 c4 29. Ba2 Nc5 30. Rb1 Rxb1+ 31. Nxb1 Qb8 32. Kh2 Qb2 33. Qxb2 Bxb2 34. e5
Kf8 35. exd6 exd6 0-1

[Event "XXI Festival A"]
[Site "Porto San Giorgio ITA"]
[Date "2009.08.26"]
[Round "6"]
[White "Vanacore, Francesco"]
[Black "Malloni, Marcello"]
[Result "0-1"]
[WhiteElo "2055"]
[BlackElo "2271"]
[PlyCount "54"]
[EventDate "2009.08.21"]

1. e4 c5 2. Nc3 e6 3. Nge2 Nc6 4. g3 d5 5. exd5 exd5 6. Bg2 d4 7. Nd5 Bd6 8. d3
Nge7 9. Nxe7 Nxe7 10. Bf4 O-O 11. O-O Bg4 12. Bxd6 Qxd6 13. h3 Bd7 14. Qd2 Nd5
15. Rfe1 Rae8 16. Kh2 b6 17. Ng1 h6 18. Nf3 f5 19. a3 f4 20. g4 Ne3 21. Bh1 Bc6
22. Kg1 Qc7 23. c3 Qb7 24. fxe3 fxe3 25. Qh2 Bxf3 26. Bxf3 Rxf3 27. Rf1 Ref8
0-1

[Event "XXI Festival A"]
[Site "Porto San Giorgio ITA"]
[Date "2009.08.26"]
[Round "6"]
[White "Villani, Cristian"]
[Black "Martorelli, Antonio"]
[Result "0-1"]
[WhiteElo "2060"]
[BlackElo "2225"]
[PlyCount "58"]
[EventDate "2009.08.21"]

1. Nf3 d5 2. d4 c6 3. c4 e6 4. Nc3 dxc4 5. a4 Bb4 6. Bd2 a5 7. e3 b5 8. axb5
Bxc3 9. Bxc3 cxb5 10. b3 Bb7 11. bxc4 b4 12. Bb2 Nf6 13. Bd3 Nbd7 14. O-O O-O
15. Re1 Qc7 16. e4 e5 17. Nxe5 Nxe5 18. dxe5 Nd7 19. Qh5 Nc5 20. Bc2 Ne6 21.
Bb3 Rad8 22. Rad1 Rxd1 23. Qxd1 Rd8 24. Qa1 Nc5 25. Bc2 a4 26. e6 fxe6 27. Be5
Qe7 28. Re3 b3 29. Bxg7 bxc2 0-1

[Event "XXI Festival A"]
[Site "Porto San Giorgio ITA"]
[Date "2009.08.26"]
[Round "6"]
[White "Voiska, Margarita"]
[Black "Rago, Riccardo"]
[Result "1-0"]
[WhiteElo "2332"]
[BlackElo "2088"]
[PlyCount "89"]
[EventDate "2009.08.21"]

1. d4 e6 2. Nf3 d5 3. g3 Nf6 4. Bg2 Be7 5. O-O O-O 6. c4 b6 7. Nc3 Bb7 8. Ne5
Nbd7 9. Qa4 Nxe5 10. dxe5 Ne8 11. cxd5 exd5 12. Nxd5 Bxd5 13. Rd1 c6 14. e4 b5
15. Qc2 Rc8 16. Be3 a6 17. exd5 cxd5 18. Qb3 Nc7 19. Bb6 Qd7 20. Rac1 Na8 21.
Rxc8 Rxc8 22. Bxd5 Qf5 23. Be3 Nc7 24. Rc1 Nxd5 25. Rxc8+ Qxc8 26. Qxd5 g6 27.
Bh6 Bf8 28. Bg5 Qf5 29. Bd8 h5 30. h4 Bg7 31. Bc7 Kh7 32. Qb3 Bxe5 33. Bxe5
Qxe5 34. Qxf7+ Kh6 35. Qf4+ Qxf4 36. gxf4 Kg7 37. Kg2 b4 38. Kf3 Kf6 39. Ke4
Ke6 40. f3 Kf6 41. f5 g5 42. hxg5+ Kxg5 43. Ke5 h4 44. f6 Kg6 45. Kd5 1-0

[Event "XXI Festival A"]
[Site "Porto San Giorgio ITA"]
[Date "2009.08.27"]
[Round "7"]
[White "Agrifoglio, Fabio"]
[Black "Altini, Daniele"]
[Result "0-1"]
[WhiteElo "2012"]
[BlackElo "2236"]
[PlyCount "56"]
[EventDate "2009.08.21"]

1. d4 Nf6 2. Nf3 e6 3. g3 b6 4. Bg2 Bb7 5. c4 Be7 6. O-O O-O 7. Nc3 d5 8. Ne5
Nbd7 9. cxd5 Nxd5 10. Nxd5 exd5 11. Nd3 c5 12. dxc5 bxc5 13. Nf4 Nb6 14. Qc2
Qd7 15. a4 d4 16. a5 Bxg2 17. Kxg2 Nd5 18. Qc4 Nxf4+ 19. Bxf4 Rac8 20. a6 Rc6
21. h4 h6 22. Rh1 Rfc8 23. Ra5 Rb6 24. Bc1 Rcc6 25. Rd1 Qe6 26. Qxe6 fxe6 27.
Bf4 Rxb2 28. Bb8 Rxb8 0-1

[Event "XXI Festival A"]
[Site "Porto San Giorgio ITA"]
[Date "2009.08.27"]
[Round "7"]
[White "Bianchi, Alberto"]
[Black "Stromboli, Ettore"]
[Result "0-1"]
[WhiteElo "2014"]
[BlackElo "2272"]
[PlyCount "132"]
[EventDate "2009.08.21"]

1. e4 e6 2. Nf3 d5 3. exd5 exd5 4. d4 Bd6 5. Bd3 Ne7 6. Bg5 Bg4 7. O-O Qd7 8.
Bxe7 Bxe7 9. Re1 O-O 10. Ne5 Bxd1 11. Nxd7 Nxd7 12. Rxe7 Bg4 13. Nc3 c6 14. Re3
Rfe8 15. Rae1 Rxe3 16. Rxe3 Kf8 17. Ne2 Nf6 18. f3 Bd7 19. Kf2 b6 20. Ng3 g6
21. c3 c5 22. Re2 a5 23. Rd2 c4 24. Bf1 b5 25. Ne2 b4 26. g4 Rb8 27. h3 a4 28.
cxb4 Rxb4 29. a3 Rb8 30. Nc3 Bc6 31. Be2 Ke7 32. Bd1 Ra8 33. Re2+ Kd6 34. Kg3
Nd7 35. h4 Nf8 36. Bc2 Ne6 37. Rd2 h6 38. f4 Nc7 39. g5 hxg5 40. fxg5 Ne6 41.
Bd1 Ng7 42. Bc2 Re8 43. Re2 Rb8 44. Nxa4 Bxa4 45. Bxa4 Nf5+ 46. Kg4 Nxd4 47.
Rf2 Ne6 48. h5 gxh5+ 49. Kxh5 Rg8 50. Rxf7 Rxg5+ 51. Kh4 Rg2 52. b4 Ra2 53.
Rd7+ Ke5 54. Bc6 Nf4 55. b5 c3 56. b6 c2 57. b7 Rb2 58. Bb5 Rxb5 59. Rc7 Rxb7
60. Rxc2 Kf5 61. Kg3 Rb3+ 62. Kf2 Rxa3 63. Rb2 Nd3+ 64. Ke2 Nxb2 65. Kd2 Nc4+
66. Kc2 Rh3 0-1

[Event "XXI Festival A"]
[Site "Porto San Giorgio ITA"]
[Date "2009.08.27"]
[Round "7"]
[White "Borgo, Giulio"]
[Black "Lalic, Bogdan"]
[Result "1/2-1/2"]
[WhiteElo "2433"]
[BlackElo "2517"]
[PlyCount "23"]
[EventDate "2009.08.21"]

1. e4 e5 2. Nf3 Nc6 3. Bb5 a6 4. Ba4 Nf6 5. O-O Nxe4 6. d4 b5 7. Bb3 d5 8. dxe5
Be6 9. c3 Be7 10. Nbd2 O-O 11. Nd4 Nxd4 12. cxd4 1/2-1/2

[Event "XXI Festival A"]
[Site "Porto San Giorgio ITA"]
[Date "2009.08.27"]
[Round "7"]
[White "Boyarchenko, Marie"]
[Black "Fierro Baquero, Martha Lorena"]
[Result "1/2-1/2"]
[WhiteElo "2028"]
[BlackElo "2394"]
[PlyCount "32"]
[EventDate "2009.08.21"]

1. d4 g6 2. c4 Bg7 3. Nf3 d6 4. Nc3 Nf6 5. e4 O-O 6. Be2 e5 7. O-O Nc6 8. Be3
exd4 9. Nxd4 Re8 10. f3 Nh5 11. Qd2 f5 12. exf5 Rxe3 13. Nxc6 Qe8 14. Nd4 gxf5
15. f4 Nf6 16. Rae1 Re7 1/2-1/2

[Event "XXI Festival A"]
[Site "Porto San Giorgio ITA"]
[Date "2009.08.27"]
[Round "7"]
[White "Castaldo, Folco"]
[Black "Caprio, Guido"]
[Result "1-0"]
[WhiteElo "2401"]
[BlackElo "2212"]
[PlyCount "59"]
[EventDate "2009.08.21"]

1. e4 g6 2. d4 Bg7 3. Nf3 d6 4. h3 Nf6 5. Nc3 O-O 6. Be3 e6 7. Bd3 a6 8. a4 Nc6
9. O-O Nb4 10. Re1 Nxd3 11. Qxd3 b6 12. Qd2 d5 13. e5 Ne4 14. Nxe4 dxe4 15. Nh2
h5 16. Rad1 Bb7 17. Bh6 Qd5 18. Bxg7 Kxg7 19. Nf1 Rad8 20. Qf4 Qc4 21. Qf6+ Kh7
22. Ne3 Qxa4 23. c3 Qe8 24. g4 Rd7 25. gxh5 gxh5 26. Ng4 hxg4 27. Qh4+ Kg8 28.
Qxg4+ Kh8 29. Qh5+ Kg8 30. Kh2 1-0

[Event "XXI Festival A"]
[Site "Porto San Giorgio ITA"]
[Date "2009.08.27"]
[Round "7"]
[White "Eperjesi, Laszlo"]
[Black "Estremera Panos, Sergio"]
[Result "1/2-1/2"]
[WhiteElo "2250"]
[BlackElo "2394"]
[PlyCount "70"]
[EventDate "2009.08.21"]

1. d4 Nf6 2. Nf3 d5 3. c4 e6 4. e3 c5 5. Nc3 Nc6 6. cxd5 exd5 7. Be2 a6 8. O-O
Bd6 9. dxc5 Bxc5 10. b3 O-O 11. Bb2 Re8 12. Rc1 Ba7 13. Na4 Ne4 14. Nd4 Qg5 15.
Kh1 Qh6 16. Kg1 Qg5 17. Kh1 Qh6 18. Kg1 Ne5 19. f4 Nc6 20. Bf3 Bd7 21. Re1 Qd6
22. Nxc6 bxc6 23. Bd4 c5 24. Be5 Qe6 25. Bxe4 dxe4 26. Nxc5 Bxc5 27. Rxc5 Bb5
28. Bd4 f6 29. Qd2 Rac8 30. Rec1 Rxc5 31. Rxc5 Rc8 32. Qc3 Rxc5 33. Qxc5 Qc6
34. Kf2 Qxc5 35. Bxc5 Kf7 1/2-1/2

[Event "XXI Festival A"]
[Site "Porto San Giorgio ITA"]
[Date "2009.08.27"]
[Round "7"]
[White "Faccia, Sergio"]
[Black "Borgiani, Flavio"]
[Result "0-1"]
[WhiteElo "2023"]
[BlackElo "2185"]
[PlyCount "114"]
[EventDate "2009.08.21"]

1. e4 e6 2. c4 c5 3. Nf3 Nc6 4. Be2 Nf6 5. Nc3 d6 6. d4 cxd4 7. Nxd4 Be7 8. Be3
a6 9. O-O O-O 10. f4 Bd7 11. Kh1 Rc8 12. Rc1 Nxd4 13. Qxd4 Bc6 14. Rfd1 Qa5 15.
a3 e5 16. Qd3 b5 17. cxb5 axb5 18. fxe5 dxe5 19. Nd5 Nxd5 20. exd5 Bd7 21. b4
Qd8 22. Rxc8 Qxc8 23. d6 Bf6 24. Rc1 Qb8 25. Rc7 Qe8 26. Qd5 Bd8 27. Ra7 Bc6
28. Qd1 Qe6 29. Bc5 f5 30. Qf1 Qd5 31. Bxb5 Bxb5 32. Qxb5 Qd1+ 33. Bg1 Qxd6 34.
Rd7 Qe6 35. Bc5 Re8 36. Qb7 Bf6 37. Qd5 Qxd5 38. Rxd5 e4 39. Rd2 Bc3 40. Re2 f4
41. Kg1 e3 42. Kf1 Bd2 43. a4 g5 44. h3 h5 45. Bd6 Rc8 46. Kg1 Kf7 47. a5 Ke6
48. Bc5 Kd5 49. a6 Ke4 50. b5 g4 51. hxg4 hxg4 52. b6 f3 53. gxf3+ gxf3 54. b7
Rg8+ 55. Kf1 fxe2+ 56. Kxe2 Rg2+ 57. Kf1 Kf3 0-1

[Event "XXI Festival A"]
[Site "Porto San Giorgio ITA"]
[Date "2009.08.27"]
[Round "7"]
[White "Fezza, Davide"]
[Black "Laudisa, Antonio"]
[Result "1-0"]
[WhiteElo "2082"]
[BlackElo "1873"]
[PlyCount "35"]
[EventDate "2009.08.21"]

1. e4 c5 2. Nf3 Nc6 3. d4 cxd4 4. Nxd4 e5 5. Nb5 d6 6. N1c3 a6 7. Na3 b5 8. Nd5
Nge7 9. Bg5 f6 10. Qh5+ Ng6 11. Be3 Be6 12. Bb6 Qd7 13. Nc7+ Ke7 14. Nxe6 Qxe6
15. g3 d5 16. Bh3 Qd6 17. Qg4 d4 18. Bc5 1-0

[Event "XXI Festival A"]
[Site "Porto San Giorgio ITA"]
[Date "2009.08.27"]
[Round "7"]
[White "Hera, Imre jr"]
[Black "Naumkin, Igor"]
[Result "1/2-1/2"]
[WhiteElo "2557"]
[BlackElo "2481"]
[PlyCount "89"]
[EventDate "2009.08.21"]

1. Nf3 Nf6 2. c4 e6 3. d4 b6 4. g3 Bb7 5. Bg2 Be7 6. O-O O-O 7. Re1 d5 8. cxd5
exd5 9. Nc3 Na6 10. Bf4 c5 11. dxc5 Nxc5 12. Nb5 Nfe4 13. Rc1 Bf6 14. b4 Ne6
15. Be3 Qd7 16. Nbd4 Rfe8 17. Bh3 Qe7 18. a3 Rad8 19. Qd3 h5 20. Rc2 h4 21.
Rec1 hxg3 22. hxg3 Nd6 23. Nxe6 fxe6 24. Rc7 Rd7 25. Rxd7 Qxd7 26. Ng5 Bxg5 27.
Bxg5 Qf7 28. a4 e5 29. Bg2 d4 30. Bxb7 Qxb7 31. Qg6 Qd7 32. b5 Re6 33. Qc2 Qf7
34. Qc7 Qf5 35. Bd2 Ne4 36. Be1 Ng5 37. Rc6 Re8 38. Rd6 Nh3+ 39. Kg2 Qg4 40.
Qc4+ Kh8 41. Bd2 Qh5 42. f3 Nf2 43. Kxf2 Qh2+ 44. Kf1 Qh1+ 45. Kf2 1/2-1/2

[Event "XXI Festival A"]
[Site "Porto San Giorgio ITA"]
[Date "2009.08.27"]
[Round "7"]
[White "Izsak, Gyula"]
[Black "Vuelban, Virgilio"]
[Result "1/2-1/2"]
[WhiteElo "2444"]
[BlackElo "2404"]
[PlyCount "168"]
[EventDate "2009.08.21"]

1. d4 Nf6 2. c4 g6 3. Nf3 Bg7 4. g3 d6 5. Bg2 O-O 6. Nc3 c6 7. O-O Qa5 8. e4
Be6 9. d5 Bg4 10. Qb3 Nbd7 11. Be3 Nc5 12. Qc2 cxd5 13. cxd5 Rfc8 14. Nd2 Qa6
15. Rfc1 Qd3 16. h3 Bd7 17. Qd1 Qa6 18. Bf1 Qb6 19. Nb3 Qb4 20. Nxc5 dxc5 21.
Bg2 Ne8 22. Rab1 Bd4 23. Bg5 f6 24. Bd2 Qb6 25. Ne2 e5 26. dxe6 Bxe6 27. Nxd4
cxd4 28. b3 Nd6 29. Qf3 Kg7 30. Bf4 Nf7 31. Qd3 g5 32. Bd2 Ne5 33. Qe2 g4 34.
h4 Rxc1+ 35. Rxc1 Rc8 36. Rxc8 Bxc8 37. Bf4 Qc5 38. Qd2 Bd7 39. h5 Bc6 40. Qd1
Bd7 41. Bc1 Qc3 42. Bd2 Qd3 43. Qc1 Kf7 44. Bh6 Qc3 45. Bd2 Qxc1+ 46. Bxc1 Bc6
47. Bb2 d3 48. Bc3 f5 49. Kf1 Kf6 50. Ke1 Bxe4 51. Bf1 Ke6 52. Kd2 Kd5 53. Ke3
h6 54. a3 b6 55. Bb4 a5 56. Bc3 a4 57. Bxe5 Kxe5 58. bxa4 Bc6 59. Bxd3 Bxa4 60.
Be2 Be8 61. f4+ Ke6 62. Bc4+ Kf6 63. Kd4 Bxh5 64. Bd3 Bf7 65. Bc2 h5 66. Bd3
Bb3 67. Bb5 Ke7 68. Bd3 Ke6 69. Bb5 Kf6 70. Be8 Bf7 71. Bd7 Bg6 72. Bb5 Ke6 73.
Bc4+ Kf6 74. Bb5 Bf7 75. Bd7 Be6 76. Be8 Bf7 77. Bd7 Bg6 78. Bb5 Ke6 79. Bc4+
Kd6 80. Bd3 Bh7 81. Bc2 Ke6 82. Ba4 Kf6 83. Be8 Bg6 84. Bb5 Bf7 1/2-1/2

[Event "XXI Festival A"]
[Site "Porto San Giorgio ITA"]
[Date "2009.08.27"]
[Round "7"]
[White "Jovanic, Ognjen"]
[Black "Kizov, Atanas"]
[Result "1-0"]
[WhiteElo "2541"]
[BlackElo "2397"]
[PlyCount "81"]
[EventDate "2009.08.21"]

1. d4 Nf6 2. c4 e6 3. Nf3 b6 4. a3 Ba6 5. e3 c5 6. Bd3 Be7 7. d5 exd5 8. cxd5
Bxd3 9. Qxd3 d6 10. O-O O-O 11. e4 Nbd7 12. Nc3 Re8 13. h3 Bf8 14. Bf4 b5 15.
Rae1 a6 16. Re2 Qc7 17. Rd1 Rad8 18. Qc2 h6 19. Bg3 g6 20. Bh2 Bg7 21. a4 b4
22. Nb1 b3 23. Qxb3 Rxe4 24. Rxe4 Nxe4 25. Qc4 f5 26. Qxa6 Bxb2 27. Nbd2 Nb8
28. Qd3 Nxd2 29. Nxd2 Nd7 30. Nc4 Be5 31. Bxe5 Nxe5 32. Nxe5 dxe5 33. d6 Qf7
34. Qc3 Qe6 35. Qxc5 e4 36. a5 f4 37. a6 e3 38. fxe3 fxe3 39. Qd5 Qxd5 40. Rxd5
Kf7 41. Rd3 1-0

[Event "XXI Festival A"]
[Site "Porto San Giorgio ITA"]
[Date "2009.08.27"]
[Round "7"]
[White "Kohlweyer, Bernd"]
[Black "Stromboli, Carlo"]
[Result "1/2-1/2"]
[WhiteElo "2418"]
[BlackElo "2289"]
[PlyCount "41"]
[EventDate "2009.08.21"]

1. d4 Nf6 2. c4 g6 3. Nc3 d5 4. cxd5 Nxd5 5. Bd2 Bg7 6. e4 Nxc3 7. Bxc3 c6 8.
h3 O-O 9. Nf3 b6 10. Qc2 Ba6 11. Bxa6 Nxa6 12. O-O Nc7 13. a4 Ne6 14. Rfd1 Rc8
15. b4 Qc7 16. Qb3 Rfd8 17. Ra2 Qf4 18. Re2 Ng5 19. Nxg5 Qxg5 20. Bb2 e6 21.
Rd3 1/2-1/2

[Event "XXI Festival A"]
[Site "Porto San Giorgio ITA"]
[Date "2009.08.27"]
[Round "7"]
[White "Lantini, Marco"]
[Black "Grandinetti, Pietro"]
[Result "1-0"]
[WhiteElo "2194"]
[BlackElo "2110"]
[PlyCount "71"]
[EventDate "2009.08.21"]

1. d4 Nf6 2. c4 g6 3. Nc3 Bg7 4. e4 d6 5. h3 O-O 6. Bg5 Na6 7. Bd3 e5 8. d5 c6
9. Nge2 Nc5 10. O-O a5 11. Bc2 Qb6 12. dxc6 Qxc6 13. f3 Be6 14. b3 Qd7 15. Nb5
Ne8 16. Qd2 f6 17. Be3 b6 18. Rad1 Rd8 19. a3 f5 20. b4 Bxc4 21. bxc5 Bxb5 22.
cxb6 Nf6 23. Rb1 Bc6 24. exf5 gxf5 25. Qxa5 d5 26. f4 Bh6 27. Bc5 Ne4 28. Bxf8
Bxf8 29. fxe5 d4 30. e6 Qg7 31. Qxf5 d3 32. Qf7+ Qxf7 33. exf7+ Kh8 34. Bxd3
Rxd3 35. b7 Bc5+ 36. Kh2 1-0

[Event "XXI Festival A"]
[Site "Porto San Giorgio ITA"]
[Date "2009.08.27"]
[Round "7"]
[White "Maiorov, Nikita"]
[Black "Sanikidze, Tornike"]
[Result "1/2-1/2"]
[WhiteElo "2513"]
[BlackElo "2559"]
[PlyCount "115"]
[EventDate "2009.08.21"]

1. d4 d5 2. c4 e6 3. Nf3 Nf6 4. Nc3 Bb4 5. e3 O-O 6. Bd3 b6 7. O-O Bb7 8. cxd5
exd5 9. a3 Bd6 10. b4 Nbd7 11. Qb3 a6 12. a4 Qe7 13. Ba3 Rfe8 14. b5 Bxa3 15.
bxa6 Bxa6 16. Bxa6 Rxa6 17. Rxa3 c6 18. Ra2 Qe6 19. Rc1 g6 20. h3 Rea8 21. Ne1
c5 22. Nb5 Ne8 23. Qd1 cxd4 24. Nxd4 Qe7 25. Nd3 Nc5 26. Nb4 Rxa4 27. Nxd5 Qd6
28. Rxa4 Rxa4 29. Nb5 Qd7 30. Nbc3 Ra6 31. Rb1 Qd6 32. Qd4 Nd7 33. Ne4 Qe5 34.
Qxe5 Nxe5 35. Nxb6 Kg7 36. g4 Nf6 37. Nxf6 Kxf6 38. Nd5+ Kg7 39. Kg2 Ra2 40.
Kg3 Nd3 41. f3 h6 42. h4 Ra5 43. e4 Ra3 44. Rf1 Ne5 45. Nf4 f5 46. exf5 gxf5
47. g5 hxg5 48. hxg5 Nf7 49. Ne6+ Kg6 50. Kh4 Ne5 51. Nf4+ Kg7 52. Kg3 Nf7 53.
Nh3 Kg6 54. Rb1 Ne5 55. Rb6+ Kg7 56. Ng1 Nf7 57. Nh3 Ne5 58. Ng1 1/2-1/2